000 00609nam a2200217Ia 4500
005 20250923145712.0
008 008 250917s9999 xx 000 0 eng d
037 _aReference
040 _aDSWL
_beng
_cDSWL
041 _aeng
_2eng
084 _azGx, N73.8
_qDSWL
100 _aDesai, M.H.
_9838105
245 0 _aDay-to-Day with Gandhi ( Jan1926 to Dec.1926 )
_c by M.H.Desai
260 _aVaranasi
_bSatva Seva Sangh Prak.
_c1973
300 _a404 p.
365 _aINR
_b22.50
490 _vVol. VIII
925 _g22.50
942 _cREF
_hzGx, N73.8
999 _c1454534
_d1454534